<?xml version="1.0" encoding="UTF-8"?>
<collection xmlns="http://www.loc.gov/MARC21/slim">
 <record>
  <leader>02131nam a22002537a 4500</leader>
  <controlfield tag="001">NCT_72828</controlfield>
  <controlfield tag="008">191213b        xxu||||| |||| 00| 0 vie d</controlfield>
  <datafield tag="999" ind1=" " ind2=" ">
   <subfield code="c">3548</subfield>
   <subfield code="d">3548</subfield>
  </datafield>
  <datafield tag="020" ind1=" " ind2=" ">
   <subfield code="a">9786045867358</subfield>
   <subfield code="c">40000</subfield>
  </datafield>
  <datafield tag="082" ind1="0" ind2="4">
   <subfield code="2">23rd ed.</subfield>
   <subfield code="a">700.959779</subfield>
   <subfield code="b">V103T</subfield>
  </datafield>
  <datafield tag="245" ind1="0" ind2="0">
   <subfield code="a">Vai trò của văn học nghệ thuật và văn nghệ sĩ Sài Gòn - Chợ Lớn - Gia Định góp phần vào sự nghiệp giải phóng dân tộc, xây dựng đất nước</subfield>
   <subfield code="c">Liên hiệp các Hội Văn học nghệ thuật thành phố Hồ Chí Minh, Hội đồng Lý luận phê bình Văn học nghệ thuật thành phố Hồ Chí Minh</subfield>
  </datafield>
  <datafield tag="260" ind1=" " ind2=" ">
   <subfield code="a">Tp Hồ Chí Minh</subfield>
   <subfield code="b">Tổng hợp Tp Hồ Chí Minh</subfield>
   <subfield code="c">2017</subfield>
  </datafield>
  <datafield tag="300" ind1=" " ind2=" ">
   <subfield code="a">806 tr.</subfield>
   <subfield code="c">24cm</subfield>
  </datafield>
  <datafield tag="520" ind1="3" ind2=" ">
   <subfield code="a">Nội dung về văn học nghệ thuật-vũ khí đấu trang, văn học, sân khấu, âm nhạc, điện ảnh, nhiếp ảnh, mỹ thuật, kiến trúc.</subfield>
  </datafield>
  <datafield tag="653" ind1=" " ind2=" ">
   <subfield code="a">Tham khảo</subfield>
  </datafield>
  <datafield tag="710" ind1="1" ind2=" ">
   <subfield code="a">Liên hiệp các Hội Văn học nghệ thuật thành phố Hồ Chí Minh</subfield>
  </datafield>
  <datafield tag="710" ind1="1" ind2=" ">
   <subfield code="a">Hội đồng Lý luận phê bình Văn học nghệ thuật thành phố Hồ Chí Minh</subfield>
  </datafield>
  <datafield tag="942" ind1=" " ind2=" ">
   <subfield code="2">ddc</subfield>
   <subfield code="c">BK</subfield>
  </datafield>
  <datafield tag="952" ind1=" " ind2=" ">
   <subfield code="0">0</subfield>
   <subfield code="1">0</subfield>
   <subfield code="2">ddc</subfield>
   <subfield code="4">0</subfield>
   <subfield code="6">700_959779000000000_V103T</subfield>
   <subfield code="7">0</subfield>
   <subfield code="9">18361</subfield>
   <subfield code="a">000001</subfield>
   <subfield code="b">000001</subfield>
   <subfield code="d">2019-12-13</subfield>
   <subfield code="o">700.959779 V103T</subfield>
   <subfield code="p">TK.01944</subfield>
   <subfield code="r">2019-12-13</subfield>
   <subfield code="v">40000.00</subfield>
   <subfield code="w">2019-12-13</subfield>
   <subfield code="y">BK</subfield>
  </datafield>
  <datafield tag="952" ind1=" " ind2=" ">
   <subfield code="0">0</subfield>
   <subfield code="1">0</subfield>
   <subfield code="2">ddc</subfield>
   <subfield code="4">0</subfield>
   <subfield code="6">700_959779000000000_V103T</subfield>
   <subfield code="7">0</subfield>
   <subfield code="9">18362</subfield>
   <subfield code="a">000001</subfield>
   <subfield code="b">000001</subfield>
   <subfield code="d">2019-12-13</subfield>
   <subfield code="o">700.959779 V103T</subfield>
   <subfield code="p">TK.01945</subfield>
   <subfield code="r">2019-12-13</subfield>
   <subfield code="v">40000.00</subfield>
   <subfield code="w">2019-12-13</subfield>
   <subfield code="y">BK</subfield>
  </datafield>
  <datafield tag="952" ind1=" " ind2=" ">
   <subfield code="0">0</subfield>
   <subfield code="1">0</subfield>
   <subfield code="2">ddc</subfield>
   <subfield code="4">0</subfield>
   <subfield code="6">700_959779000000000_V103T</subfield>
   <subfield code="7">0</subfield>
   <subfield code="9">18363</subfield>
   <subfield code="a">000001</subfield>
   <subfield code="b">000001</subfield>
   <subfield code="d">2019-12-13</subfield>
   <subfield code="o">700.959779 V103T</subfield>
   <subfield code="p">TK.01946</subfield>
   <subfield code="r">2019-12-13</subfield>
   <subfield code="v">40000.00</subfield>
   <subfield code="w">2019-12-13</subfield>
   <subfield code="y">BK</subfield>
  </datafield>
  <datafield tag="952" ind1=" " ind2=" ">
   <subfield code="0">0</subfield>
   <subfield code="1">0</subfield>
   <subfield code="2">ddc</subfield>
   <subfield code="4">0</subfield>
   <subfield code="6">700_959779000000000_V103T</subfield>
   <subfield code="7">0</subfield>
   <subfield code="9">18364</subfield>
   <subfield code="a">000001</subfield>
   <subfield code="b">000001</subfield>
   <subfield code="d">2019-12-13</subfield>
   <subfield code="o">700.959779 V103T</subfield>
   <subfield code="p">TK.01947</subfield>
   <subfield code="r">2019-12-13</subfield>
   <subfield code="v">40000.00</subfield>
   <subfield code="w">2019-12-13</subfield>
   <subfield code="y">BK</subfield>
  </datafield>
  <datafield tag="952" ind1=" " ind2=" ">
   <subfield code="0">0</subfield>
   <subfield code="1">0</subfield>
   <subfield code="2">ddc</subfield>
   <subfield code="4">0</subfield>
   <subfield code="6">700_959779000000000_V103T</subfield>
   <subfield code="7">0</subfield>
   <subfield code="9">18365</subfield>
   <subfield code="a">000001</subfield>
   <subfield code="b">000001</subfield>
   <subfield code="d">2019-12-13</subfield>
   <subfield code="o">700.959779 V103T</subfield>
   <subfield code="p">TK.01948</subfield>
   <subfield code="r">2019-12-13</subfield>
   <subfield code="v">40000.00</subfield>
   <subfield code="w">2019-12-13</subfield>
   <subfield code="y">BK</subfield>
  </datafield>
  <datafield tag="980" ind1=" " ind2=" ">
   <subfield code="a">Thư viện Trường Đại học Nam Cần Thơ</subfield>
  </datafield>
 </record>
</collection>
